[Event "21st 4NCL Congress"]
[Site "Harrogate"]
[Date "2019.01.19"]
[Round "2"]
[Board "27"]
[White "Fisher, Neal"]
[Black "Ross, Andy"]
[Result "1-0"]
[WhiteElo "1453"]
[BlackElo "1735"]
[PlyCount "103"]
[EventDate "2019.01.18"]
[EventRounds "5"]
[EventCountry "ENG"]

1. d4 d5 2. Bf4 c5 3. Nf3 cxd4 4. Nxd4 Nd7 5. Nf3 Qb6 6. b3 g6 7. c3 Bg7 8.
Qxd5 Ngf6 9. Qd4 Nc5 10. Nbd2 Bf5 11. Be3 Rd8 12. Qxc5 Nd5 13. Qxb6 axb6 14.
Bd4 O-O 15. Bxg7 Kxg7 16. e4 Nxc3 17. exf5 gxf5 18. g3 Rd6 19. Bh3 e6 20. O-O
Rfd8 21. Nc4 Rd3 22. Bg2 b5 23. Ne3 f4 24. Ng4 fxg3 25. hxg3 b6 26. a4 bxa4 27.
bxa4 f6 28. Ne3 Ne2+ 29. Kh1 Rc8 30. Rfd1 Nxg3+ 31. fxg3 Rxe3 32. Rd7+ Kh6 33.
Kh2 Rc2 34. Rd2 Rcc3 35. Rf2 e5 36. Nh4 Red3 37. Rxf6+ Kg7 38. Rxb6 Kg8 39. Nf5
Rd2 40. Re1 Rcc2 41. Nh4 Ra2 42. Rxe5 Rxa4 43. Kh3 Rad4 44. Re7 Rd8 45. Rbb7
Rxg2 46. Nxg2 h5 47. Kh4 Kh8 48. Nf4 Kg8 49. Nxh5 Rd4+ 50. g4 Rd8 51. Nf6+ Kf8
52. Rf7#  1-0

[Event "21st 4NCL Congress"]
[Site "Harrogate"]
[Date "2019.01.19"]
[Round "2"]
[Board "28"]
[White "Holi, Siefaldin"]
[Black "Shenbagakumar, Gautham"]
[Result "1-0"]
[WhiteElo "1730"]
[BlackElo "1465"]
[PlyCount "49"]
[EventDate "2019.01.18"]
[EventRounds "5"]
[EventCountry "ENG"]

1. e4 c5 2. Nc3 a6 3. a4 Nc6 4. Bc4 Nf6 5. Nf3 d6 6. Ng5 e6 7. Bb3 Be7 8. O-O
O-O 9. f4 Nd4 10. Ba2 Qb6 11. d3 Rd8 12. e5 Ne8 13. Qh5 Bxg5 14. fxg5 Qc7 15.
exd6 Nxd6 16. Bf4 Qe7 17. Bxd6 Rxd6 18. Ne4 Rc6 19. Nf6+ gxf6 20. gxf6 Qf8 21.
Rae1 Nf5 22. Rxf5 exf5 23. Qg5+ Kh8 24. Re8 Qxe8 25. Qg7#  1-0

[Event "21st 4NCL Congress"]
[Site "Harrogate"]
[Date "2019.01.19"]
[Round "2"]
[Board "29"]
[White "Riding, Mick D"]
[Black "Webster, Vivien"]
[Result "1-0"]
[WhiteElo "1872"]
[BlackElo "1701"]
[PlyCount "57"]
[EventDate "2019.01.18"]
[EventRounds "5"]
[EventCountry "ENG"]

1. e4 b6 2. d4 Bb7 3. Bd3 d6 4. f4 Nd7 5. Nf3 e6 6. O-O Be7 7. Nc3 Ngf6 8. e5
Nd5 9. f5 Nxc3 10. bxc3 dxe5 11. fxe6 fxe6 12. Nxe5 Nf6 13. Rxf6 Bxf6 14. Qh5+
g6 15. Bxg6+ Ke7 16. Ba3+ c5 17. dxc5 Bxe5 18. Qxe5 Kd7 19. Rd1+ Bd5 20. Be4
Qc7 21. Rxd5+ exd5 22. Qxd5+ Kc8 23. Qxa8+ Qb8 24. Qxb8+ Kxb8 25. c6 Kc7 26.
Bc1 Rf8 27. g3 Kd6 28. Bf4+ Kc5 29. c7  1-0

[Event "21st 4NCL Congress"]
[Site "Harrogate"]
[Date "2019.01.19"]
[Round "3"]
[Board "1"]
[White "Coop, Brian H"]
[Black "Bennett, Dominic L"]
[Result "1-0"]
[WhiteElo "1892"]
[BlackElo "1934"]
[PlyCount "59"]
[EventDate "2019.01.18"]
[EventRounds "5"]
[EventCountry "ENG"]

1. e4 c5 2. Nf3 d6 3. d4 cxd4 4. Nxd4 Nf6 5. Nc3 a6 6. Be2 Nbd7 7. O-O Qc7 8.
a4 e6 9. f4 Be7 10. Kh1 h6 11. Qe1 g6 12. Bf3 h5 13. Be3 Nb6 14. Rd1 Bd7 15. a5
Nc4 16. Bc1 Nxa5 17. f5 gxf5 18. exf5 e5 19. Nd5 Nxd5 20. Bxd5 Nc6 21. Ne6 fxe6
22. fxe6 Bc8 23. Qe4 Kd8 24. Rf7 Nd4 25. Bg5 Re8 26. Bxe7+ Rxe7 27. Rf8+ Re8
28. Rxe8+ Kxe8 29. Qg6+ Kd8 30. Qg8+  1-0

[Event "21st 4NCL Congress"]
[Site "Harrogate"]
[Date "2019.01.19"]
[Round "3"]
[Board "2"]
[White "Kendall, Paul Sn"]
[Black "Riding, Mick D"]
[Result "1-0"]
[WhiteElo "1934"]
[BlackElo "1872"]
[PlyCount "69"]
[EventDate "2019.01.18"]
[EventRounds "5"]
[EventCountry "ENG"]

1. e4 d6 2. d4 Nf6 3. Nc3 c6 4. h3 Nbd7 5. g4 h6 6. Bg2 e5 7. Nge2 Qc7 8. a4 b6
9. O-O Bb7 10. Be3 Be7 11. Ng3 g6 12. Qd2 O-O-O 13. d5 cxd5 14. Nxd5 Nxd5 15.
exd5 h5 16. Ra3 f5 17. Rc3 Nc5 18. gxf5 h4 19. f6 Bf8 20. Ne4 Kb8 21. Ng5 Qd7
22. b3 Bh6 23. a5 Bxg5 24. Bxg5 Qf5 25. axb6 axb6 26. f7 Rdf8 27. Be7 Rxf7 28.
Bxd6+ Ka7 29. Ra1+ Na6 30. Rf3 Qxf3 31. Bxf3 Rxf3 32. Bxe5 Rh5 33. Qd4 Rg5+ 34.
Kf1 Rxh3 35. Ke2  1-0

[Event "21st 4NCL Congress"]
[Site "Harrogate"]
[Date "2019.01.19"]
[Round "3"]
[Board "3"]
[White "Bielby, Paul R"]
[Black "Slinger, Aj (Tony)"]
[Result "1-0"]
[WhiteElo "1907"]
[BlackElo "1846"]
[PlyCount "89"]
[EventDate "2019.01.18"]
[EventRounds "5"]
[EventCountry "ENG"]

1. e4 c5 2. Nf3 d6 3. c3 Nf6 4. Qc2 Bg4 5. Be2 Nc6 6. d3 e5 7. O-O Be7 8. Nbd2
O-O 9. Re1 Re8 10. Nf1 h6 11. h3 Be6 12. Ng3 Qd7 13. a3 Rac8 14. Be3 a6 15.
Rad1 Bf8 16. Qd2 d5 17. exd5 Nxd5 18. Ne4 Qe7 19. Bxc5 Qc7 20. Bxf8 Kxf8 21.
Nc5 Bf5 22. d4 exd4 23. Nxd4 Nxd4 24. Qxd4 Nf6 25. Nd3 a5 26. Bf3 Red8 27. Qe3
Re8 28. Qd4 Red8 29. Qe3 Re8 30. Ne5 Nd7 31. Nxd7+ Bxd7 32. Qd3 Kg8 33. Rxe8+
Bxe8 34. Bd5 Bc6 35. c4 Qe5 36. b4 axb4 37. axb4 Ra8 38. g3 Ra2 39. Kg2 Qb2 40.
Qf3 Bxd5 41. cxd5 Qxb4 42. d6 Rd2 43. d7 Qd4 44. Rxd2 Qxd2 45. Qxb7  1-0

[Event "21st 4NCL Congress"]
[Site "Harrogate"]
[Date "2019.01.19"]
[Round "3"]
[Board "4"]
[White "Gibbs, Dominic V"]
[Black "Walshaw, David"]
[Result "1-0"]
[WhiteElo "1959"]
[BlackElo "1634"]
[PlyCount "127"]
[EventDate "2019.01.18"]
[EventRounds "5"]
[EventCountry "ENG"]

1. e4 g6 2. d4 Bg7 3. c3 d6 4. Bd3 c5 5. Be3 cxd4 6. cxd4 Nc6 7. Ne2 Nf6 8. f3
O-O 9. Nbc3 Bd7 10. Qd2 a6 11. O-O Rc8 12. Rac1 b5 13. a4 b4 14. Nd5 a5 15. Ba6
Rb8 16. Nxf6+ Bxf6 17. b3 Rb6 18. Bc4 Rb8 19. Rc2 Bg7 20. Rfc1 e6 21. d5 Ne5
22. dxe6 Nxc4 23. exf7+ Rxf7 24. Rxc4 Be6 25. Rc6 Bxb3 26. Rxd6 Qe8 27. Nd4
Bxa4 28. Ne6 Be5 29. Ng5 Bxd6 30. Nxf7 Bxh2+ 31. Kxh2 Qxf7 32. Qd6 Re8 33. Bb6
Qe7 34. Qxe7 Rxe7 35. Bxa5 b3 36. Bc3 Rb7 37. Bb2 Rd7 38. Rc8+ Kf7 39. Rb8 Rd1
40. Rb4 Rb1 41. Bd4 Be8 42. Kg3 Ke7 43. Kf4 Bf7 44. Ke5 Rh1 45. Rb7+ Ke8 46.
Kf6 Bc4 47. Rb4 Bf7 48. Rb8+ Kd7 49. Rb4 Kc6 50. Rb6+ Kc7 51. Kxf7 Rd1 52. Rb4
Kc6 53. e5 Kd5 54. e6 Rxd4 55. Rxb3 Rf4+ 56. Ke7 Ra4 57. Rd3+ Ke5 58. Kf7 Rf4+
59. Ke7 Ra4 60. Re3+ Kd5 61. Kf8 Ra8+ 62. Kf7 Ra7+ 63. e7 Kd6 64. Kf8  1-0

[Event "21st 4NCL Congress"]
[Site "Harrogate"]
[Date "2019.01.19"]
[Round "3"]
[Board "5"]
[White "Jacob, Sydney J"]
[Black "Cast, Julian"]
[Result "1/2-1/2"]
[WhiteElo "1832"]
[BlackElo "1982"]
[PlyCount "54"]
[EventDate "2019.01.18"]
[EventRounds "5"]
[EventCountry "ENG"]

1. d4 e6 2. e4 d5 3. exd5 exd5 4. Bd3 Nc6 5. c3 Bd6 6. Ne2 Qf6 7. Be3 Bf5 8.
Qc2 Bxd3 9. Qxd3 Nge7 10. Nd2 Nf5 11. Bf4 O-O 12. Bxd6 Nxd6 13. O-O Rfe8 14.
Rae1 Re6 15. Ng3 Rae8 16. Rxe6 Rxe6 17. Nf3 g6 18. Qd2 Kg7 19. Qg5 Qxg5 20.
Nxg5 Re7 21. Nf3 h6 22. Re1 Rxe1+ 23. Nxe1 f5 24. Nd3 Kf6 25. f3 b6 26. Kf2 h5
27. h4 a5  1/2-1/2

[Event "21st 4NCL Congress"]
[Site "Harrogate"]
[Date "2019.01.19"]
[Round "3"]
[Board "6"]
[White "Livesey, R  Nigel"]
[Black "Baxter, Harry"]
[Result "1/2-1/2"]
[WhiteElo "1797"]
[BlackElo "1862"]
[PlyCount "40"]
[EventDate "2019.01.18"]
[EventRounds "5"]
[EventCountry "ENG"]

1. c4 Nf6 2. g3 g6 3. Bg2 d5 4. cxd5 Nxd5 5. Nc3 c6 6. Qb3 Nb6 7. Nf3 Bg7 8.
O-O O-O 9. d3 Be6 10. Qc2 h6 11. Be3 Nd5 12. Nxd5 Bxd5 13. Bd2 Na6 14. Bc3 Qb6
15. Bxg7 Kxg7 16. Qc3+ Kh7 17. Ne5 Rad8 18. Rfd1 Bxg2 19. Kxg2 Qd4 20. Nf3 Qxc3
 1/2-1/2

[Event "21st 4NCL Congress"]
[Site "Harrogate"]
[Date "2019.01.19"]
[Round "3"]
[Board "7"]
[White "Hilton, Tim"]
[Black "Gogia, Armaan"]
[Result "1-0"]
[WhiteElo "1781"]
[BlackElo "1850"]
[PlyCount "57"]
[EventDate "2019.01.18"]
[EventRounds "5"]
[EventCountry "ENG"]

1. c4 Nf6 2. Nc3 g6 3. d4 d6 4. e4 Bg7 5. Nf3 O-O 6. Be2 e5 7. d5 a5 8. Bg5 Na6
9. Nd2 Qe8 10. O-O h6 11. Be3 Nh7 12. a3 f5 13. f3 f4 14. Bf2 g5 15. b4 h5 16.
c5 Qg6 17. cxd6 cxd6 18. Nc4 g4 19. Nb5 g3 20. Bb6 Bh3 21. gxh3 Ng5 22. hxg3
fxg3 23. Kg2 Rf4 24. Ncxd6 Nxh3 25. Kxh3 h4 26. Rg1 Bf8 27. Nc4 Qe8 28. Ne3
Qd7+ 29. Ng4  1-0

[Event "21st 4NCL Congress"]
[Site "Harrogate"]
[Date "2019.01.19"]
[Round "3"]
[Board "8"]
[White "Almazedi, Firas"]
[Black "Stephenson, David W"]
[Result "0-1"]
[WhiteElo "1836"]
[BlackElo "1818"]
[PlyCount "150"]
[EventDate "2019.01.18"]
[EventRounds "5"]
[EventCountry "ENG"]

1. c4 f5 2. g3 Nf6 3. Bg2 e6 4. Nf3 Be7 5. O-O O-O 6. d4 d6 7. b4 a5 8. b5 Nbd7
9. Bb2 Qe8 10. Nbd2 Qh5 11. e3 Nb6 12. Rc1 Kh8 13. h4 h6 14. Re1 Ng4 15. Nh2 e5
16. dxe5 Qf7 17. exd6 cxd6 18. Qe2 Na4 19. Ba1 Bf6 20. Bxf6 Qxf6 21. Nb3 Ra7
22. Qd2 b6 23. Nd4 Ne5 24. f4 Nf7 25. Nc6 Rc7 26. e4 Nc5 27. exf5 Bxf5 28. Re3
Qg6 29. Qd4 Nd8 30. Nxd8 Rxd8 31. Nf1 Nd7 32. Re7 Rdc8 33. Ne3 Nf6 34. Rxc7
Rxc7 35. Qxb6 Re7 36. Nxf5 Qxf5 37. Qd8+ Re8 38. Qxd6 Re2 39. Qc6 Qd3 40. Qf3
Re3 41. Qd1 Qa3 42. c5 Rxg3 43. Qe1 Re3 44. Qd2 Rd3 45. Qc2 Ng4 46. c6 Rg3 47.
Re1 Re3 48. Rd1 Qe7 49. Qd2 Qc5 50. Kh1 Kh7 51. Rc1 Qe7 52. Kg1 Qxh4 53. Bh1
Rg3+ 54. Bg2 Qh2+ 55. Kf1 Ne3+ 56. Ke2 Qxg2+ 57. Kd3 Nf5+ 58. Kc2 Qe4+ 59. Kb2
Rg2 60. Qxg2 Qxg2+ 61. Rc2 Qxc2+ 62. Kxc2 Nd4+ 63. Kd3 Nxb5 64. Kc4 Nc7 65. Kc5
Kg6 66. Kd6 Na6 67. a4 h5 68. c7 Nxc7 69. Kxc7 h4 70. Kb6 h3 71. Kxa5 h2 72.
Kb6 h1=Q 73. a5 Qa8 74. a6 Kf5 75. a7 Kxf4  0-1

[Event "21st 4NCL Congress"]
[Site "Harrogate"]
[Date "2019.01.19"]
[Round "3"]
[Board "9"]
[White "Both, Aaron"]
[Black "Chan, Sheng Liang Bernard"]
[Result "1/2-1/2"]
[WhiteElo "1983"]
[BlackElo "1755"]
[PlyCount "105"]
[EventDate "2019.01.18"]
[EventRounds "5"]
[EventCountry "ENG"]

1. e4 e5 2. Nf3 Nf6 3. Nxe5 d6 4. Nf3 Nxe4 5. Nc3 Nxc3 6. dxc3 Be7 7. Be3 Be6
8. Nd4 Bd7 9. Qf3 Nc6 10. O-O-O O-O 11. Bd3 Bf6 12. h4 Qc8 13. Qe4 g6 14. h5
Nxd4 15. Bxd4 Bf5 16. Qf4 Bxd4 17. cxd4 Bxd3 18. Rxd3 Qe6 19. Qh6 g5 20. Qxg5+
Kh8 21. d5 Qe5 22. Qd2 Rae8 23. Re3 Qg5 24. Qd4+ f6 25. g4 Rxe3 26. fxe3 Re8
27. Rh3 Re5 28. c4 f5 29. gxf5 Qxf5 30. Qh4 Qf1+ 31. Kd2 Rf5 32. Qd4+ Re5 33.
Rh2 b5 34. Qxa7 bxc4 35. Qb8+ Kg7 36. Qxc7+ Kh8 37. Qd8+ Kg7 38. Qd7+ Kh8 39.
Qc8+ Kg7 40. Qb7+ Kh8 41. Re2 Qf3 42. Qb8+ Kg7 43. h6+ Kf7 44. Qc7+ Ke8 45.
Qxh7 Rxd5+ 46. Kc3 Rd3+ 47. Kb4 Qxe2 48. Qg8+ Ke7 49. Qg7+ Ke6 50. h7 Qd2+ 51.
Ka4 Qc2+ 52. Kb4 Qd2+ 53. Ka4  1/2-1/2

[Event "21st 4NCL Congress"]
[Site "Harrogate"]
[Date "2019.01.19"]
[Round "3"]
[Board "10"]
[White "Daley, Mark"]
[Black "May, Paul"]
[Result "0-1"]
[WhiteElo "1982"]
[BlackElo "1797"]
[PlyCount "76"]
[EventDate "2019.01.18"]
[EventRounds "5"]
[EventCountry "ENG"]

1. e4 c5 2. Nc3 a6 3. f4 b5 4. Nf3 Bb7 5. d3 e6 6. g3 Nf6 7. Bg2 d5 8. exd5
Nxd5 9. Ne4 Nf6 10. Qe2 Nxe4 11. dxe4 Be7 12. O-O O-O 13. b3 Bf6 14. e5 Be7 15.
Bb2 Nc6 16. Rad1 Qc7 17. c3 Rad8 18. Nd2 Na5 19. Ne4 c4 20. b4 Nc6 21. Bc1 Rxd1
22. Rxd1 Rd8 23. Be3 a5 24. a3 axb4 25. axb4 Nb8 26. Bd4 Nd7 27. Ra1 Nb6 28.
Qg4 Bxb4 29. Ra7 Bxc3 30. Bxc3 Nd5 31. Ba5 Qb8 32. Nf6+ Kh8 33. Nxd5 Rxd5 34.
Bxd5 Qxa7+ 35. Kf1 Bxd5 36. Bb4 Qa1+ 37. Ke2 Qb2+ 38. Bd2 c3  0-1

[Event "21st 4NCL Congress"]
[Site "Harrogate"]
[Date "2019.01.19"]
[Round "3"]
[Board "11"]
[White "Molano Lafuente, Ismael"]
[Black "Procter, Colin S"]
[Result "1/2-1/2"]
[WhiteElo "1935"]
[BlackElo "1776"]
[PlyCount "81"]
[EventDate "2019.01.18"]
[EventRounds "5"]
[EventCountry "ENG"]

1. f4 g6 2. Nf3 Bg7 3. d3 d5 4. g3 c6 5. Bg2 Nd7 6. c3 Ngf6 7. Na3 O-O 8. O-O
Ng4 9. Nc2 e5 10. fxe5 Ngxe5 11. Nxe5 Nxe5 12. d4 Ng4 13. e4 dxe4 14. Bxe4 Nf6
15. Bf3 Qb6 16. Ne3 Be6 17. Kg2 Rad8 18. Qe2 Rfe8 19. Qf2 Qc7 20. h3 Qd7 21. g4
h5 22. Qg3 hxg4 23. hxg4 Nd5 24. Nxd5 Bxd5 25. Bg5 f6 26. Bf4 Bxf3+ 27. Qxf3
Qd5 28. Rfe1 Qxf3+ 29. Kxf3 Kf7 30. Rad1 Rxe1 31. Rxe1 Re8 32. Rxe8 Kxe8 33.
Ke4 Kd7 34. d5 a6 35. a4 f5+ 36. gxf5 gxf5+ 37. Kxf5 cxd5 38. Be5 Bf8 39. b4 b5
40. a5 Bd6 41. Bd4  1/2-1/2

[Event "21st 4NCL Congress"]
[Site "Harrogate"]
[Date "2019.01.19"]
[Round "3"]
[Board "12"]
[White "Burns, Martin J"]
[Black "Dunkley, Michael"]
[Result "1-0"]
[WhiteElo "1889"]
[BlackElo "1759"]
[PlyCount "93"]
[EventDate "2019.01.18"]
[EventRounds "5"]
[EventCountry "ENG"]

1. e4 e6 2. d4 d5 3. e5 c5 4. c3 Nc6 5. Nf3 Bd7 6. a3 f6 7. Bd3 fxe5 8. Nxe5
Nxe5 9. dxe5 Ne7 10. O-O Qc7 11. Bf4 O-O-O 12. Nd2 h6 13. Re1 g5 14. Bg3 h5 15.
h3 h4 16. Bh2 Be8 17. c4 Qd7 18. Be2 Bg6 19. Bf3 dxc4 20. Nxc4 Qxd1 21. Raxd1
Rxd1 22. Rxd1 Nf5 23. Nd6+ Bxd6 24. exd6 Nd4 25. Bg4 Bf5 26. Be5 Bxg4 27. hxg4
Rf8 28. Bxd4 cxd4 29. Rxd4 Kd7 30. Kf1 Rc8 31. Ke2 Rc2+ 32. Rd2 Rxd2+ 33. Kxd2
Kxd6 34. Ke3 Ke5 35. b3 b5 36. a4 bxa4 37. bxa4 a5 38. f3 Kd5 39. f4 gxf4+ 40.
Kxf4 e5+ 41. Ke3 e4 42. g5 Ke5 43. g6 Kf6 44. g7 Kxg7 45. Kxe4 Kg6 46. Kf4 Kh5
47. Kf5  1-0

[Event "21st 4NCL Congress"]
[Site "Harrogate"]
[Date "2019.01.19"]
[Round "3"]
[Board "13"]
[White "Wood, Peter R"]
[Black "Holi, Siefaldin"]
[Result "1-0"]
[WhiteElo "1883"]
[BlackElo "1730"]
[PlyCount "87"]
[EventDate "2019.01.18"]
[EventRounds "5"]
[EventCountry "ENG"]

1. e4 e5 2. Bc4 c6 3. Nc3 Nf6 4. d4 exd4 5. Qxd4 d6 6. Bg5 Be7 7. Rd1 Qa5 8.
Nf3 Bg4 9. Bd2 Bxf3 10. gxf3 Qh5 11. Qe3 Nbd7 12. Be2 O-O 13. Qg5 Rfe8 14. f4
Qg6 15. Be3 h6 16. Qxg6 fxg6 17. Rg1 Kh7 18. Bd3 Nf8 19. Kd2 Bd8 20. a3 a5 21.
a4 b5 22. axb5 cxb5 23. Bxb5 Nxe4+ 24. Nxe4 Re7 25. Bd3 d5 26. Nc3 Rb7 27. b3
Bf6 28. Nxd5 Bd8 29. Be4 Rd7 30. Kc1 Ra6 31. Nc3 Be7 32. Rxd7 Nxd7 33. f5 Ba3+
34. Kb1 a4 35. Nxa4 g5 36. f6+ g6 37. f7 Kg7 38. Rd1 Nf8 39. Bd5 Ne6 40. Bxe6
Rxe6 41. Rd7 h5 42. Nc5 Rxe3 43. fxe3 Bxc5 44. e4 {Scoresheet illegible}  1-0

[Event "21st 4NCL Congress"]
[Site "Harrogate"]
[Date "2019.01.19"]
[Round "3"]
[Board "14"]
[White "Goodfellow, Russell R"]
[Black "Cawston, M John"]
[Result "0-1"]
[WhiteElo "1742"]
[BlackElo "1850"]
[PlyCount "91"]
[EventDate "2019.01.18"]
[EventRounds "5"]
[EventCountry "ENG"]

1. e4 c5 2. Nf3 e6 3. d4 cxd4 4. Nxd4 a6 5. Bd3 Bc5 6. Nb3 Be7 7. O-O d6 8. c3
Nd7 9. Qe2 Qc7 10. f4 Ngf6 11. N1d2 b6 12. Nf3 Bb7 13. Bd2 Nc5 14. Nxc5 Qxc5+
15. Kh1 Nd7 16. Rae1 e5 17. fxe5 dxe5 18. Ng5 Bxg5 19. Bxg5 f6 20. Bc1 Qc7 21.
Qh5+ Kd8 22. Rd1 Kc8 23. Qg4 Kb8 24. Qxg7 Rd8 25. Bc2 Bc6 26. Qxh7 Kb7 27. Qe7
Nc5 28. Qxc7+ Kxc7 29. Rxd8 Rxd8 30. Re1 Nxe4 31. Kg1 Nc5 32. b3 Nd3 33. Bxd3
Rxd3 34. c4 Kd6 35. Bh6 Ke6 36. Re2 f5 37. Bf4 Be4 38. Be3 Rd6 39. h4 Kf7 40.
Kf2 Rg6 41. Bg5 Re6 42. g3 Bd3 43. Rd2 e4 44. Ke3 Kg6 45. Kd4 Bf1 46. Kd5  0-1

[Event "21st 4NCL Congress"]
[Site "Harrogate"]
[Date "2019.01.19"]
[Round "3"]
[Board "15"]
[White "Horkan, Stanley"]
[Black "Millar, Greg F"]
[Result "1/2-1/2"]
[WhiteElo "1848"]
[BlackElo "1742"]
[PlyCount "81"]
[EventDate "2019.01.18"]
[EventRounds "5"]
[EventCountry "ENG"]

1. d4 Nf6 2. Nf3 d5 3. e3 g6 4. Bd3 Bg7 5. Ne5 O-O 6. Nd2 Nbd7 7. f4 c5 8. O-O
Qb6 9. c3 cxd4 10. cxd4 Ne8 11. Kh1 f5 12. a4 Nd6 13. a5 Qc7 14. b3 b6 15. Bb2
bxa5 16. Rc1 Qd8 17. Nc6 Qe8 18. Nxa5 Nf6 19. Rf3 Bd7 20. b4 Bb5 21. Ndb3 Ba4
22. Bc2 Qb5 23. Ba3 Bxb3 24. Bxb3 Rfc8 25. Rc5 Rxc5 26. dxc5 Nc4 27. Nxc4 dxc4
28. Qe2 Qd7 29. Bxc4+ Kh8 30. Bb5 Qc7 31. Rf1 a5 32. Rd1 axb4 33. Bxb4 Ne4 34.
Bd3 Ra4 35. Bxe4 Rxb4 36. Qd2 Rxe4 37. Qd8+ Qxd8 38. Rxd8+ Bf8 39. Rxf8+ Kg7
40. Rd8 Rxe3 41. h3  1/2-1/2

[Event "21st 4NCL Congress"]
[Site "Harrogate"]
[Date "2019.01.19"]
[Round "3"]
[Board "16"]
[White "Webster, Vivien"]
[Black "Tamas, Szilard"]
[Result "0-1"]
[WhiteElo "1701"]
[BlackElo "1821"]
[PlyCount "130"]
[EventDate "2019.01.18"]
[EventRounds "5"]
[EventCountry "ENG"]

1. d4 Nf6 2. c4 e6 3. a3 b6 4. e3 Ba6 5. Nf3 Be7 6. Bd3 d5 7. Qa4+ Qd7 8. Qb3
dxc4 9. Bxc4 Bxc4 10. Qxc4 O-O 11. O-O b5 12. Qb3 a5 13. Nc3 c6 14. Qc2 Na6 15.
Ne5 Qb7 16. Ne4 c5 17. Nxf6+ Bxf6 18. Ng4 Be7 19. dxc5 Nxc5 20. Ne5 Qd5 21. Nf3
Nb3 22. Rb1 Rac8 23. Qe2 Rfd8 24. e4 Qc6 25. Be3 Qxe4 26. Qxb5 Rb8 27. Qh5 Rd5
28. Qh3 Rbd8 29. Rbe1 Qc2 30. Bb6 R8d6 31. Be3 Qxb2 32. Bf4 Rd8 33. Be5 Qxa3
34. Qg4 Rxe5 35. Rxe5 Bf6 36. Re3 a4 37. Qc4 Ra8 38. Qc6 Qf8 39. h4 h6 40. Ne5
Bxe5 41. Rxe5 a3 42. Qc3 Qb8 43. Ree1 a2 44. g3 Qb5 45. Qb2 Qa4 46. Kh2 a1=Q
47. Rxa1 Nxa1 48. Rc1 Nb3 49. Rc7 Qa2 50. Rc2 Qxb2 51. Rxb2 Nd4 52. Kg2 g5 53.
hxg5 hxg5 54. Rb4 Rd8 55. Kh3 Kg7 56. Kg4 Kg6 57. f4 f5+ 58. Kh3 g4+ 59. Kg2
Nf3 60. Rb6 Kf6 61. Kf1 Nd2+ 62. Ke2 Ne4 63. Rb3 Rd2+ 64. Kf1 Rc2 65. Re3 Rc3
 0-1

[Event "21st 4NCL Congress"]
[Site "Harrogate"]
[Date "2019.01.19"]
[Round "3"]
[Board "17"]
[White "Dean, Robert A"]
[Black "Turner, Sam"]
[Result "1-0"]
[WhiteElo "1811"]
[BlackElo "1510"]
[PlyCount "41"]
[EventDate "2019.01.18"]
[EventRounds "5"]
[EventCountry "ENG"]

1. e4 c5 2. f4 g6 3. Nf3 Bg7 4. Bc4 Nc6 5. O-O e6 6. Nc3 Nge7 7. d3 O-O 8. Qe1
d5 9. Bb3 b6 10. Qh4 dxe4 11. dxe4 Nd4 12. f5 exf5 13. Bg5 Nxf3+ 14. gxf3 Qd4+
15. Kh1 Nc6 16. Rad1 Qe5 17. Nd5 h5 18. Nf6+ Bxf6 19. Bxf6 Qe8 20. Rg1 Kh7 21.
Rg5  1-0

[Event "21st 4NCL Congress"]
[Site "Harrogate"]
[Date "2019.01.19"]
[Round "3"]
[Board "18"]
[White "Murphy, Ross"]
[Black "Williamson, Graham Ag"]
[Result "0-1"]
[WhiteElo "1667"]
[BlackElo "1799"]
[PlyCount "82"]
[EventDate "2019.01.18"]
[EventRounds "5"]
[EventCountry "ENG"]

1. Nf3 f5 2. d4 e6 3. g3 Nf6 4. c4 c6 5. Nc3 d5 6. Bg2 Bd6 7. b3 O-O 8. O-O Qe8
9. Re1 Nbd7 10. Bg5 Qh5 11. Bxf6 Nxf6 12. Ne5 Bxe5 13. Bf3 Ng4 14. Bxg4 fxg4
15. dxe5 Qxe5 16. Rc1 d4 17. Nb1 Qf6 18. Rf1 e5 19. Nd2 c5 20. Ne4 Qc6 21. f3
h6 22. Kg2 b6 23. Qd3 Bf5 24. Rce1 Rae8 25. a3 Qe6 26. Qd2 gxf3+ 27. exf3 Bh3+
28. Kg1 Bxf1 29. Rxf1 Re7 30. Kg2 Ref7 31. Qe2 Qc6 32. a4 Qe6 33. Qd3 g5 34. h3
Qg6 35. Qe2 h5 36. Nd2 g4 37. hxg4 hxg4 38. fxg4 Rxf1 39. Nxf1 e4 40. Nd2 e3
41. Nf3 Qe4  0-1

[Event "21st 4NCL Congress"]
[Site "Harrogate"]
[Date "2019.01.19"]
[Round "3"]
[Board "19"]
[White "Ormerod, Stephen"]
[Black "Fisher, Neal"]
[Result "1-0"]
[WhiteElo "1885"]
[BlackElo "1453"]
[PlyCount "107"]
[EventDate "2019.01.18"]
[EventRounds "5"]
[EventCountry "ENG"]

1. Nf3 d6 2. g3 Nf6 3. d3 e5 4. e4 Be7 5. Bg2 c6 6. O-O O-O 7. Nbd2 Bg4 8. b3
Nbd7 9. Bb2 c5 10. Nc4 Qc7 11. Ne3 Be6 12. Re1 b5 13. c4 b4 14. Ng5 h6 15. Nxe6
fxe6 16. Bh3 Nb6 17. Bxe6+ Kh8 18. Qd2 Nh7 19. f4 Rf6 20. Bd5 Raf8 21. f5 Ng5
22. Qg2 h5 23. Rf1 Rh6 24. h4 Nh7 25. Rf2 Nf6 26. Bc1 Rh7 27. a3 a5 28. axb4
axb4 29. Rfa2 Nbxd5 30. Nxd5 Nxd5 31. cxd5 Qb6 32. Be3 Qb5 33. Qd2 Kg8 34. Ra5
Qe8 35. Bg5 Bxg5 36. hxg5 h4 37. g4 h3 38. Kh2 g6 39. Ra7 gxf5 40. Rxh7 Kxh7
41. gxf5 Qh5 42. Ra7+ Kg8 43. Rd7 Ra8 44. Rxd6 Ra1 45. Rg6+ Kf7 46. Rf6+ Kg8
47. Qf2 Qg4 48. Rg6+ Kf7 49. Rf6+ Kg7 50. Rh6 Re1 51. f6+ Kf7 52. g6+ Kg8 53.
f7+ Kf8 54. Qxc5+  1-0

[Event "21st 4NCL Congress"]
[Site "Harrogate"]
[Date "2019.01.19"]
[Round "3"]
[Board "20"]
[White "Hughes, Peter"]
[Black "Robinson, Brian"]
[Result "1-0"]
[WhiteElo "1817"]
[BlackElo "1547"]
[PlyCount "109"]
[EventDate "2019.01.18"]
[EventRounds "5"]
[EventCountry "ENG"]

1. d4 Nf6 2. c4 e6 3. Nc3 d5 4. cxd5 exd5 5. Bg5 c6 6. Qc2 Be7 7. e3 h6 8. Bh4
O-O 9. Bd3 Nbd7 10. Nge2 Re8 11. O-O Ne4 12. Bxe7 Qxe7 13. Rae1 Ndf6 14. f3
Nxc3 15. Nxc3 Bd7 16. Qf2 Qd6 17. h3 c5 18. Ne2 Re7 19. e4 cxd4 20. Qxd4 Bc6
21. Nc3 Rae8 22. f4 Qd8 23. e5 Nh7 24. Bc2 Nf8 25. Qf2 d4 26. Rd1 Rd7 27. Nb1
Qb6 28. Na3 Qb4 29. Bb3 Red8 30. Rfe1 d3 31. f5 d2 32. Re3 Qd4 33. e6 fxe6 34.
fxe6 Re7 35. Nc4 Qf6 36. Qxf6 gxf6 37. Rxd2 Rxd2 38. Nxd2 b6 39. Nf3 Bxf3 40.
gxf3 Kg7 41. Kf2 f5 42. Rd3 Kf6 43. f4 Nxe6 44. Rd6 Re8 45. Kf3 Re7 46. Ke3 Re8
47. Kd3 Re7 48. Kc4 Kf7 49. Kb5 Kf6 50. a4 Kf7 51. Ka6 Kf6 52. Rxe6+ Rxe6 53.
Bxe6 Kxe6 54. Kxa7 Kd5 55. Kxb6  1-0

[Event "21st 4NCL Congress"]
[Site "Harrogate"]
[Date "2019.01.19"]
[Round "3"]
[Board "21"]
[White "Grice, Alec"]
[Black "Ward, W (Bill)"]
[Result "1/2-1/2"]
[WhiteElo "1682"]
[BlackElo "1894"]
[PlyCount "46"]
[EventDate "2019.01.18"]
[EventRounds "5"]
[EventCountry "ENG"]

1. e4 d5 2. exd5 Nf6 3. d4 c6 4. dxc6 e5 5. Nf3 Nxc6 6. Bb5 Qa5+ 7. Nc3 Bb4 8.
Bxc6+ bxc6 9. O-O Bxc3 10. bxc3 e4 11. Ne5 Qxc3 12. Be3 Nd5 13. Rb1 Nxe3 14.
fxe3 Be6 15. Qe2 O-O 16. Rb7 f6 17. Nd7 Rf7 18. Nxf6+ Rxf6 19. Rxf6 gxf6 20. h3
Rf8 21. Re7 Qc4 22. Qh5 Rf7 23. Re8+ Rf8  1/2-1/2

[Event "21st 4NCL Congress"]
[Site "Harrogate"]
[Date "2019.01.19"]
[Round "3"]
[Board "22"]
[White "Szasz, Anna K"]
[Black "Smith, Steven J"]
[Result "0-1"]
[WhiteElo "1517"]
[BlackElo "1736"]
[PlyCount "56"]
[EventDate "2019.01.18"]
[EventRounds "5"]
[EventCountry "ENG"]

1. e4 e6 2. d4 d5 3. Nc3 Bb4 4. e5 c5 5. Be3 Nc6 6. Nf3 Bxc3+ 7. bxc3 c4 8. g3
Nge7 9. Ng5 Nf5 10. Bd2 Qe7 11. Qf3 Bd7 12. Bg2 O-O-O 13. O-O h6 14. Nh3 g5 15.
Qd1 Rdg8 16. f3 f6 17. f4 g4 18. Nf2 h5 19. Qc1 h4 20. gxh4 Rxh4 21. Qd1 g3 22.
Nh3 gxh2+ 23. Kxh2 Qg7 24. Qf3 Be8 25. Rg1 Bh5 26. Qf2 Bg4 27. Rae1 Bxh3 28.
Bxh3 Rxh3+  0-1